00511nam a2200157 a 4500008004100000020001800041050001900059100001800078245012100096260002800217300002100245350000900266650001000275650002500285650004300310100119s2007 ||||||||||||||||| || u a9781844073962 aS 494.5.W3 Wat aMolden, David10aWater for food water for life: a comprehensive assessment of water management in agriculturecedited by David Molden aLondonbEarthscanc2007 axvii, 645p.: ill a0.00 aWATER aWATER IN AGRICULTURE aWATER-SUPPLY, AGRICULTURAL--MANAGEMENT